<?xml version="1.0" encoding="UTF-8"?>
<record
    xmlns:xsi="http://www.w3.org/2001/XMLSchema-instance"
    xsi:schemaLocation="http://www.loc.gov/MARC21/slim http://www.loc.gov/standards/marcxml/schema/MARC21slim.xsd"
    xmlns="http://www.loc.gov/MARC21/slim">

  <leader>00515    a2200193   4500</leader>
  <controlfield tag="003">OSt</controlfield>
  <controlfield tag="005">20260305135938.0</controlfield>
  <controlfield tag="008">231206b        |||||||| |||| 00| 0 eng d</controlfield>
  <datafield tag="020" ind1=" " ind2=" ">
    <subfield code="a">9789354824302</subfield>
  </datafield>
  <datafield tag="040" ind1=" " ind2=" ">
    <subfield code="c">oclc</subfield>
  </datafield>
  <datafield tag="082" ind1=" " ind2=" ">
    <subfield code="a">894.8123</subfield>
    <subfield code="b">RAJ/B</subfield>
  </datafield>
  <datafield tag="100" ind1="1" ind2=" ">
    <subfield code="a">Rajat, &#x100;r.</subfield>
    <subfield code="9">10057</subfield>
  </datafield>
  <datafield tag="245" ind1=" " ind2=" ">
    <subfield code="a">Body Lab /</subfield>
    <subfield code="c">Rajad R.</subfield>
  </datafield>
  <datafield tag="250" ind1=" " ind2=" ">
    <subfield code="a">2nd ed.</subfield>
  </datafield>
  <datafield tag="250" ind1=" " ind2=" ">
    <subfield code="a">8th ed.</subfield>
  </datafield>
  <datafield tag="260" ind1=" " ind2=" ">
    <subfield code="a">Kottayam:</subfield>
    <subfield code="b">D C Books,</subfield>
    <subfield code="c">2022.</subfield>
    <subfield code="c">2025.</subfield>
  </datafield>
  <datafield tag="300" ind1=" " ind2=" ">
    <subfield code="a">232p.</subfield>
  </datafield>
  <datafield tag="942" ind1=" " ind2=" ">
    <subfield code="2">ddc</subfield>
    <subfield code="c">BK</subfield>
    <subfield code="h">894.8123</subfield>
    <subfield code="i">RAJ/B</subfield>
    <subfield code="k">894.8123</subfield>
    <subfield code="m">RAJ/B</subfield>
  </datafield>
  <datafield tag="952" ind1=" " ind2=" ">
    <subfield code="0">0</subfield>
    <subfield code="1">0</subfield>
    <subfield code="2">ddc</subfield>
    <subfield code="4">0</subfield>
    <subfield code="7">0</subfield>
    <subfield code="8">FIC</subfield>
    <subfield code="a">MES</subfield>
    <subfield code="b">MES</subfield>
    <subfield code="c">MAL</subfield>
    <subfield code="d">2023-12-06</subfield>
    <subfield code="l">41</subfield>
    <subfield code="m">17</subfield>
    <subfield code="o">894.8123 RAJ/B</subfield>
    <subfield code="p">43369</subfield>
    <subfield code="r">2026-03-16 15:21:28</subfield>
    <subfield code="s">2026-03-04</subfield>
    <subfield code="v">280.00</subfield>
    <subfield code="w">2023-12-06</subfield>
    <subfield code="y">BK</subfield>
    <subfield code="z">GR28R1</subfield>
  </datafield>
  <datafield tag="952" ind1=" " ind2=" ">
    <subfield code="0">0</subfield>
    <subfield code="1">0</subfield>
    <subfield code="2">ddc</subfield>
    <subfield code="4">0</subfield>
    <subfield code="7">0</subfield>
    <subfield code="8">FIC</subfield>
    <subfield code="a">MES</subfield>
    <subfield code="b">MES</subfield>
    <subfield code="c">MAL</subfield>
    <subfield code="d">2026-03-05</subfield>
    <subfield code="g">299.00</subfield>
    <subfield code="l">2</subfield>
    <subfield code="m">1</subfield>
    <subfield code="o">894.8123 RAJ/B</subfield>
    <subfield code="p">46090</subfield>
    <subfield code="q">2026-06-17</subfield>
    <subfield code="r">2026-06-02 12:39:07</subfield>
    <subfield code="s">2026-06-02</subfield>
    <subfield code="v">299.00</subfield>
    <subfield code="w">2026-03-05</subfield>
    <subfield code="y">BK</subfield>
    <subfield code="z">GR28R1</subfield>
  </datafield>
  <datafield tag="999" ind1=" " ind2=" ">
    <subfield code="c">43999</subfield>
    <subfield code="d">43999</subfield>
  </datafield>
</record>
